000 00734cab a2200241 4500
001 WB3342-41
008 090401t1997 xxu||||| |||| 00| 0 eng d
035 _a(Sirsi) u81725
041 _aeng
245 _aLand Registry proposal
260 _c1997
350 _a0
490 _aFinancial Times
_v27 October 1997, 9(1)
520 _aThe proposal that would require parties of a property transaction to record the price paid or value publicly is being consulted by the Land Registry.
650 _aHM LAND REGISTRY
650 _aPRICE PAID INFORMATION
650 _aPRICE TRANSPARENCY
650 _aPROPERTY TRANSACTIONS
650 _aVALUE
690 _aPROPERTY LAW AND PRACTICE
942 _n0
948 _c28/10/1997
999 _c51526
_d51526